| 000 | 01767nam a22002057a 4500 | ||
|---|---|---|---|
| 001 | 6706 | ||
| 003 | FISKH | ||
| 005 | 20250521122735.0 | ||
| 008 | 250521b cb ||||| |||| 00| 0 eng d | ||
| 040 |
_aFISKH _bkhr _cFISKH _dFISKH |
||
| 082 | _a800 | ||
| 100 | _aNooch, Nhik | ||
| 245 |
_aទំលាប់ទំនៀមខ្មែរ / _cឧកញ៉ាមហាមន្ត្រី ញិក នូច |
||
| 260 |
_aភ្នំពេញ : _bលាង ដាលីន , _c២០០៤ . |
||
| 300 |
_a69 pages : _billustrations ; _c21 cm . |
||
| 520 | _aThe book (Khmer Customs and Traditions), compiled by Nhik Nooch, serves as a comprehensive guide to the rich tapestry of Cambodian cultural practices. This work delves into various aspects of Khmer traditions, providing insights into ceremonies, rituals, and societal norms that have shaped the Cambodian way of life. | ||
| 520 | _aសៀវភៅ «ទំនៀមទំលាប់ខ្មែរ» ដែលរៀបរៀងដោយ ញិក នូច គឺជាមគ្គុទេសក៍ពេញលេញមួយអំពីទម្លាប់វប្បធម៌ដ៏សម្បូរបែបរបស់ជាតិខ្មែរ។ សៀវភៅនេះពិភាក្សាអំពីទម្លាប់ខ្មែរផ្នែកផ្សេងៗ ដោយផ្តល់នូវការយល់ដឹងអំពីពិធីការណ៍ ប្រភពទម្លាប់ និងនិន្នាការសង្គម ដែលបានរុងរឿងនឹងបង្កើតរបៀបរស់នៅរបស់ជនជាតិខ្មែរយូរមកនេះ។ | ||
| 942 |
_2ddc _cKHB _n0 |
||
| 999 |
_c6706 _d6706 |
||